[Event "GER-ch U25-A"]
[Site "Willingen"]
[Date "2023.05.31"]
[Round "6"]
[White "Gluma, Christian"]
[Black "Held, Momme Fredrik"]
[Result "0-1"]
[WhiteElo "2161"]
[BlackElo "1914"]
[PlyCount "78"]
[EventDate "2023.05.27"]
[EventType "swiss"]
[EventRounds "9"]
[EventCountry "GER"]
[SourceTitle "CBM 214 Extra"]
[Source "ChessBase"]
[SourceDate "2023.07.31"]
[SourceVersion "1"]
[SourceVersionDate "2023.07.31"]
[SourceQuality "1"]

1. e4 c5 2. Nf3 g6 3. c4 Nc6 4. d4 cxd4 5. Nxd4 Nf6 6. Nc3 Nxd4 7. Qxd4 d6 8. Be3 Bg7 9. f3 0-0 10. Qd2 a5 11. Be2 a4 12. 0-0 Qa5 13. Rab1 Be6 14. Rfc1 Rfc8 15. Nb5 Qxd2 16. Bxd2 Nd7 17. Be3 Nc5 18. Nd4 Bd7 19. Kf1 Ne6 20. Nc2 Nc5 21. Nb4 Be6 22. Nd5 Bxd5 23. cxd5 a3 24. bxa3 Rxa3 25. Bxc5 Rxc5 26. Rxc5 dxc5 27. Rxb7 Bd4 28. Rxe7 Rxa2 29. d6 Ra1+ 30. Bd1 Kf8 31. Ke2 c4 32. Rc7 Ra2+ 33. Ke1 Bc3+ 34. Kf1 Rd2 35. Rc8+ Kg7 36. Be2 Rxd6 37. Rxc4 Be5 38. g3 g5 39. Rc5 f6 0-1

[Event "GER-ch U25-A"]
[Site "Willingen"]
[Date "2023.05.30"]
[Round "4"]
[White "Kieselbach, Jannik"]
[Black "Held, Momme Fredrik"]
[Result "0-1"]
[WhiteElo "1765"]
[BlackElo "1914"]
[PlyCount "40"]
[EventDate "2023.05.27"]
[EventType "swiss"]
[EventRounds "9"]
[EventCountry "GER"]
[SourceTitle "CBM 214 Extra"]
[Source "ChessBase"]
[SourceDate "2023.07.31"]
[SourceVersion "1"]
[SourceVersionDate "2023.07.31"]
[SourceQuality "1"]

1. e4 c5 2. c3 g6 3. d4 cxd4 4. cxd4 d5 5. e5 a6 6. f4 Nc6 7. Nf3 Bg4 8. Be3 Bxf3 9. gxf3 e6 10. Qb3 Qh4+ 11. Bf2 Qxf4 12. Nd2 Bh6 13. Rd1 Nge7 14. Be2 Nxd4 15. Qxb7 Rc8 16. Qxa6 0-0 17. Bg3 Nc2+ 18. Kf1 Ne3+ 19. Ke1 Qb4 20. Kf2 Nxd1+ 0-1

[Event "GER-chT U20"]
[Site "Muenster"]
[Date "2022.12.27"]
[Round "1"]
[White "Peschel, Jan"]
[Black "Held, Momme Fredrik"]
[Result "0-1"]
[WhiteElo "1516"]
[BlackElo "1751"]
[PlyCount "68"]
[EventDate "2022.12.26"]
[EventType "team-swiss"]
[EventRounds "7"]
[EventCountry "GER"]
[SourceTitle "CBM 212 Extra"]
[Source "ChessBase"]
[SourceDate "2023.03.31"]
[SourceVersion "1"]
[SourceVersionDate "2023.03.31"]
[SourceQuality "1"]
[WhiteTeam "Biebertal"]
[BlackTeam "Kreuzberg"]
[WhiteTeamCountry "GER"]
[BlackTeamCountry "GER"]

1. e4 c5 2. c3 g6 3. Bd3 Bg7 4. Bc2 Nc6 5. Nf3 e5 6. d3 Nge7 7. Be3 d6 8. d4 exd4 9. cxd4 Qb6 10. Bc1 Nxd4 11. Nbd2 Qa6 12. Nxd4 Bxd4 13. Nf3 Bg7 14. Bd3 Qb6 15. 0-0 0-0 16. Rb1 d5 17. b3 Rd8 18. Qc2 Nc6 19. Re1 Nb4 20. Qe2 Nxd3 21. Qxd3 dxe4 22. Qe3 Bf5 23. Nd2 Bd4 24. Nc4 Bxe3 25. Nxb6 Bxf2+ 26. Kxf2 axb6 27. Rb2 Kg7 28. h3 Re8 29. Rd2 h5 30. a3 Rad8 31. Rxd8 Rxd8 32. g4 hxg4 33. hxg4 Bxg4 34. Rxe4 Be6 0-1

[Event "Berlin Werner Ott op"]
[Site "Berlin"]
[Date "2022.07.11"]
[Round "3"]
[White "Witte, Ronald"]
[Black "Held, Momme Fredrik"]
[Result "1-0"]
[WhiteElo "1980"]
[BlackElo "1773"]
[PlyCount "57"]
[EventDate "2022.07.09"]
[EventType "swiss"]
[EventRounds "9"]
[EventCountry "GER"]
[SourceTitle "CBM 209 Extra"]
[Source "ChessBase"]
[SourceDate "2022.09.30"]
[SourceVersion "1"]
[SourceVersionDate "2022.09.30"]
[SourceQuality "1"]

1. d4 d5 2. c4 e6 3. Nc3 c6 4. e3 Bd6 5. Nf3 f5 6. cxd5 exd5 7. Bd3 Qe7 8. 0-0 Nf6 9. a3 0-0 10. b4 Ne4 11. Qc2 g5 12. Ne5 Bxe5 13. dxe5 Qxe5 14. Bb2 Qe7 15. Rae1 Nd7 16. f3 Nd6 17. e4 dxe4 18. fxe4 Ne5 19. exf5 Ndf7 20. Ne4 h6 21. Bc4 a5 22. Ng3 axb4 23. Rxe5 Qc7 24. axb4 Qb6+ 25. Kh1 Qxb4 26. Re4 Qa5 27. h3 Bd7 28. Ra1 Qc7 29. Qc3 1-0

[Event "DSOL 08 Liga Final 1st"]
[Site "Playchess.com INT"]
[Date "2020.09.11"]
[Round "3.4"]
[White "Held, Momme Fredrik"]
[Black "Azakeer, Omar"]
[Result "1-0"]
[WhiteElo "1623"]
[BlackElo "1000"]
[PlyCount "49"]
[EventDate "2020.06.22"]
[EventType "team-k.o. (rapid)"]
[EventCountry "GER"]
[SourceTitle "EXT 2021"]
[Source "ChessBase"]
[SourceDate "2020.10.23"]
[SourceVersion "1"]
[SourceVersionDate "2020.10.23"]
[SourceQuality "1"]
[WhiteTeam "Kreuzberg III"]
[BlackTeam "Breitenworbis II"]
[WhiteTeamCountry "GER"]
[BlackTeamCountry "GER"]

1. c4 Nf6 2. g3 g6 3. Bg2 Bg7 4. Nc3 c6 5. e4 d6 6. Nge2 Bg4 7. h3 Be6 8. d3 Qd7 9. Nf4 0-0 10. 0-0 Na6 11. Nxe6 Qxe6 12. Be3 Rfd8 13. Qd2 Nc7 14. Bh6 Bh8 15. Rae1 Qd7 16. f4 e6 17. f5 d5 18. fxg6 hxg6 19. Bg5 Nce8 20. e5 Nh5 21. Bxd8 Rxd8 22. g4 Nhg7 23. c5 d4 24. Ne4 Nc7 25. Nf6+ 1-0

[Event "DSOL 08 Liga Gr-A 1st"]
[Site "Playchess.com INT"]
[Date "2020.08.12"]
[Round "2.4"]
[White "Narwekar, Sonia"]
[Black "Held, Momme Fredrik"]
[Result "0-1"]
[WhiteElo "871"]
[BlackElo "1623"]
[PlyCount "44"]
[EventDate "2020.06.22"]
[EventType "team-tourn (rapid)"]
[EventCountry "GER"]
[SourceTitle "EXT 2021"]
[Source "ChessBase"]
[SourceDate "2020.10.23"]
[SourceVersion "1"]
[SourceVersionDate "2020.10.23"]
[SourceQuality "1"]
[WhiteTeam "Herzogenaurach III"]
[BlackTeam "Kreuzberg III"]
[WhiteTeamCountry "GER"]
[BlackTeamCountry "GER"]

1. e4 e5 2. Nf3 Nc6 3. Nc3 Nf6 4. Bc4 Nxe4 5. Nxe4 d5 6. Bxd5 Qxd5 7. Nc3 Qd8 8. d3 Bc5 9. Be3 Bxe3 10. fxe3 Bg4 11. Qd2 Bxf3 12. gxf3 Qh4+ 13. Ke2 0-0-0 14. Raf1 Rhe8 15. Kd1 Qb4 16. a3 Qxb2 17. a4 Na5 18. Qe1 Nb3 19. Ne2 Qb1+ 20. Nc1 Qxc1+ 21. Ke2 Qxc2+ 22. Qd2 Qxd2# 0-1

[Event "GER-chT U12"]
[Site "Magdeburg"]
[Date "2019.12.30"]
[Round "7.1"]
[White "Krueger, Arthur"]
[Black "Held, Momme Fredrik"]
[Result "1-0"]
[WhiteElo "1693"]
[BlackElo "1573"]
[PlyCount "97"]
[EventDate "2019.12.27"]
[EventType "team-swiss"]
[EventRounds "7"]
[EventCountry "GER"]
[SourceTitle "CBM 194 Extra"]
[Source "ChessBase"]
[SourceDate "2020.03.31"]
[SourceVersion "1"]
[SourceVersionDate "2020.03.31"]
[SourceQuality "1"]
[WhiteTeam "Hamburger SK"]
[BlackTeam "Kreuzberg"]
[WhiteTeamCountry "GER"]
[BlackTeamCountry "GER"]

1. e4 e5 2. Nf3 Nc6 3. Bc4 Nf6 4. d3 Be7 5. 0-0 0-0 6. Re1 d6 7. a4 a5 8. Nbd2 Bg4 9. h3 Bh5 10. c3 Qd7 11. Nf1 Bg6 12. Ng3 Ne8 13. Qb3 Kh8 14. Bg5 f6 15. Be6 Bf7 16. Bxf7 fxg5 17. Be6 Qd8 18. Qxb7 Na7 19. Nf5 Bf6 20. Bd5 c6 21. Bxc6 Nxc6 22. Qxc6 Rc8 23. Qd5 Rb8 24. Qa2 Nc7 25. Ne3 Na6 26. Nd5 Nc5 27. Red1 Qe8 28. b4 axb4 29. cxb4 Ne6 30. Rab1 Qh5 31. Nh2 Nd4 32. a5 Bd8 33. Re1 g4 34. hxg4 Qe8 35. Ne3 g6 36. Nc2 Nb5 37. Rb3 Qf7 38. Nf3 Bh4 39. Rb2 Qf6 40. Na3 Nd4 41. Nxd4 exd4 42. Rf1 Qf4 43. a6 Bf6 44. Nc4 d5 45. exd5 Bd8 46. d6 Qxg4 47. Ne5 Qh4 48. Nd7 Rf3 49. Qe6 1-0

[Event "GER-chT U12"]
[Site "Magdeburg"]
[Date "2019.12.29"]
[Round "6.3"]
[White "Held, Momme Fredrik"]
[Black "Rehbein, Vitus"]
[Result "1-0"]
[WhiteElo "1573"]
[BlackElo "1547"]
[PlyCount "81"]
[EventDate "2019.12.27"]
[EventType "team-swiss"]
[EventRounds "7"]
[EventCountry "GER"]
[SourceTitle "CBM 194 Extra"]
[Source "ChessBase"]
[SourceDate "2020.03.31"]
[SourceVersion "1"]
[SourceVersionDate "2020.03.31"]
[SourceQuality "1"]
[WhiteTeam "Kreuzberg"]
[BlackTeam "Bemerode"]
[WhiteTeamCountry "GER"]
[BlackTeamCountry "GER"]

1. c4 e5 2. g3 Nf6 3. Bg2 g6 4. Nc3 Bg7 5. e4 Nc6 6. Nge2 0-0 7. 0-0 d6 8. d3 Be6 9. h3 Qd7 10. Kh2 Ne8 11. f4 f5 12. Be3 Ne7 13. Qd2 c6 14. Rab1 Nc7 15. b4 b6 16. a4 Rab8 17. b5 c5 18. Nd5 Rf7 19. a5 Bxd5 20. exd5 Ra8 21. a6 Re8 22. Rbe1 Kh8 23. Ng1 Ng8 24. Nf3 Rfe7 25. Ng5 Qc8 26. Qc2 Bf6 27. Nf3 Qd7 28. Qd2 Qc8 29. Rf2 e4 30. dxe4 Rxe4 31. Ng5 R4e7 32. Rfe2 h6 33. Nf3 Qd7 34. Bf2 Rxe2 35. Rxe2 Rxe2 36. Qxe2 Qe7 37. Qxe7 Bxe7 38. g4 Nf6 39. gxf5 gxf5 40. Nh4 Nh5 41. Ng6+ 1-0

[Event "GER-ch U10"]
[Site "Willingen"]
[Date "2018.05.21"]
[Round "3"]
[White "Scheerer, Julian"]
[Black "Held, Momme Fredrik"]
[Result "1-0"]
[WhiteElo "1301"]
[BlackElo "1542"]
[PlyCount "43"]
[EventDate "2018.05.19"]
[EventType "swiss"]
[EventRounds "11"]
[EventCountry "GER"]
[SourceTitle "CBM 184 Extra"]
[Source "ChessBase"]
[SourceDate "2018.06.28"]
[SourceVersion "1"]
[SourceVersionDate "2018.06.28"]
[SourceQuality "1"]

1. e4 e5 2. Nf3 Nc6 3. Bc4 Nf6 4. d4 exd4 5. 0-0 Nxe4 6. Re1 d5 7. Bxd5 Qxd5 8. Nc3 Qd8 9. Rxe4+ Be7 10. Nxd4 f5 11. Rf4 0-0 12. Nxc6 bxc6 13. Rd4 Bd6 14. Bf4 c5 15. Rd2 Bb7 16. Nb5 Qh4 17. Bxd6 cxd6 18. Nxd6 Ba6 19. Qf3 Qh6 20. Qd5+ Kh8 21. Nf7+ Rxf7 22. Qxa8+ 1-0

[Event "GER-ch U10"]
[Site "Willingen"]
[Date "2018.05.20"]
[Round "1"]
[White "Schreidl, Michael"]
[Black "Held, Momme Fredrik"]
[Result "1-0"]
[WhiteElo "1325"]
[BlackElo "1542"]
[PlyCount "81"]
[EventDate "2018.05.19"]
[EventType "swiss"]
[EventRounds "11"]
[EventCountry "GER"]
[SourceTitle "CBM 184 Extra"]
[Source "ChessBase"]
[SourceDate "2018.06.28"]
[SourceVersion "1"]
[SourceVersionDate "2018.06.28"]
[SourceQuality "1"]

1. e4 e5 2. Nf3 Nc6 3. Bc4 Nf6 4. Ng5 d5 5. exd5 Na5 6. Bb5+ c6 7. dxc6 bxc6 8. Qf3 Be7 9. Bd3 0-0 10. 0-0 h6 11. Ne4 Nd5 12. Ng3 Nf4 13. Nc3 Bb7 14. Be4 g6 15. Qg4 h5 16. Qd1 f5 17. Bf3 e4 18. Be2 h4 19. Nh1 Bd6 20. d3 Qg5 21. Bxf4 Qxf4 22. g3 hxg3 23. Nxg3 Qg5 24. dxe4 Rad8 25. Qc1 Bf4 26. Qb1 Bxg3 27. fxg3 Qe3+ 28. Kg2 c5 29. Qe1 Rd2 30. Rf2 Bxe4+ 31. Nxe4 Qxe4+ 32. Kg1 Re8 33. Qxd2 Nc6 34. Bf3 Qe6 35. Bd5 Nd4 36. Bxe6+ Rxe6 37. Re1 Rd6 38. Qf4 Rb6 39. c3 Ne6 40. Qc4 Kf7 41. Rfe2 1-0